000 00189nam a22000977a 4500
003 SGT
245 _aTHE JOURNAL OF PUBLIC HEALTH
260 _bAPHA AMERICA
300 _a636
942 _2ddc
_cBV
999 _c18910
_d18910